Biggest cities on the Sea of Azov - Statistics

General Stats
  • This quiz has been taken 8 times
  • The average score is 3 of 10
Answer Stats
Ukraine, Russia, or Crimea Population Answer % Correct
Ukraine ~120,000 (pre war - 425,700) Mariupol
100%
Crimea ~149,600 Kerch
67%
Ukraine ~106,300 (pre war) Berdiansk
50%
Russia ~257,700 Taganrog
33%
Russia ~87,800 Yeysk
33%
Russia ~82,900 Azov
17%
Russia ~32,300 Primorsko Akhtarsk
17%
Ukraine ~18,900 (pre war) Henichesk
0%
Crimea ~10,600 Shcholkine
0%
Russia ~38,000 Temryuk
0%
No matching quizzes found
Score Distribution
Percent of People with Each Score
Percentile by Number Answered
Your Score History
You have not taken this quiz